000 00737nam a2200289Ia 4500
005 20260324134620.0
008 008 260324s9999 xx 000 0 eng d
020 _a9781410600622
037 _aEBOOK
040 _aCRL
040 _beng
040 _cCRL
041 _2eng
041 _aeng
084 _qCRL
100 _aJoshua Daniel Margolis; James P. Walsh
_91197489
245 0 _aPeople and Profits?
245 4 _bThe Search for A Link Between A Company's Social and Financial Performance
260 _bTaylor and Francis
260 _c2001
365 _a
365 _b230
856 _uhttp://www.taylorfrancis.com/books/9781410600622
942 _cEBOOK
999 _c1797763
_d1797763